Cities of Spotify Listeners - Statistics

General Stats
  • This quiz has been taken 28 times
  • The average score is 26 of 50
Answer Stats
Answer % Correct
London
96%
London
96%
London
96%
London
96%
Los Angeles
96%
Los Angeles
96%
New York City
96%
New York City
96%
Chicago
92%
Chicago
92%
Toronto
72%
Dallas
68%
Madrid
68%
Sydney
64%
Sydney
64%
Sydney
64%
Sydney
64%
Sydney
64%
Sydney
64%
Sydney
64%
Buenos Aires
56%
Sao Paulo
52%
Sao Paulo
52%
Sao Paulo
52%
Sao Paulo
52%
Sao Paulo
52%
Munich
48%
Amsterdam
44%
Bogota
44%
Melbourne
40%
Melbourne
40%
Melbourne
40%
Santiago
40%
Santiago
40%
Santiago
40%
Santiago
40%
Jakarta
32%
Jakarta
32%
Jakarta
32%
Bangkok
28%
Brisbane
24%
Brisbane
24%
Hamburg
20%
Stockholm
20%
Frankfurt
12%
Bengaluru
4%
Pune
4%
Quezon City
4%
Quezon City
4%
Cuauhtemoc
0%
No matching quizzes found
Score Distribution
Percent of People with Each Score
Percentile by Number Answered
Your Score History
You have not taken this quiz